The Case for Depositor Preference.

This technical note and manual (TNM) addresses the following issues: advantages and disadvantages of different types of depositor preference, international best practice and experience in adopting depositor preference, and introducing depositor preference in jurisdictions with or without deposit ins...

Ամբողջական նկարագրություն

Մատենագիտական մանրամասներ
Ձևաչափ: Ամսագիր
Լեզու:English
Հրապարակվել է: Washington, D.C. : International Monetary Fund, 2020.
Շարք:Technical Notes and Manuals; Technical Notes and Manuals ; No. 2020/002
Առցանց հասանելիություն:Full text available on IMF
LEADER 01300cas a2200229 a 4500
001 AALejournalIMF021273
008 230101c9999 xx r poo 0 0eng d
020 |c 5.00 USD 
020 |z 9781513557397 
022 |a 2075-8669 
040 |a BD-DhAAL  |c BD-DhAAL 
245 1 4 |a The Case for Depositor Preference. 
264 1 |a Washington, D.C. :  |b International Monetary Fund,  |c 2020. 
300 |a 1 online resource (28 pages) 
490 1 |a Technical Notes and Manuals 
500 |a <strong>Off-Campus Access:</strong> No User ID or Password Required 
500 |a <strong>On-Campus Access:</strong> No User ID or Password Required 
506 |a Electronic access restricted to authorized BRAC University faculty, staff and students 
520 3 |a This technical note and manual (TNM) addresses the following issues: advantages and disadvantages of different types of depositor preference, international best practice and experience in adopting depositor preference, and introducing depositor preference in jurisdictions with or without deposit insurance. 
538 |a Mode of access: Internet 
830 0 |a Technical Notes and Manuals; Technical Notes and Manuals ;  |v No. 2020/002 
856 4 0 |z Full text available on IMF  |u http://elibrary.imf.org/view/journals/005/2020/002/005.2020.issue-002-en.xml  |z IMF e-Library